000 01079nam a22002055i 4500
001 161809
003 ES-MaACL
005 20251111063351.0
008 020130s1876 sp |||| | spa d
040 _aCAM
_bspa
_cCAM
100 1 _aPérez Echevarría, Francisco,
_d1842-1884
_9131463
245 1 4 _aUna boda en palacio
_b: comedia en tres actos y en verso /
_coriginal de Francisco Pérez Echevarría y Arturo Gil de Santivañes.
260 _aMadrid :
_b[s.n.],
_c1876 (
_fImprenta de José Rodriguez)
300 _a93 p. ;
_c19 cm.
500 _aEn port.: Representada por primera vez en el Teatro Español el 27 de enero de 1876.
596 1 _aAl v. de port. consta : "... Administracion Lírico-Dramática de D. Eduardo Hidalgo..."
700 1 0 _aSantivañes y Chávarri, Arturo Gil de.
_9127310
852 _aES-MaACL
_jF-8575(2)
_z-- Enc. pasta española
_z-- Dedicatoria ms. de los autores al primer actor
_q-- Falto de la portada original
_z-- Enc. en un vol. facticio formando parta de la Col. "Teatro español moderno" vol. 28
999 _c161809
_d161809